| 000 | 00721nam a2200253Ia 4500 | ||
|---|---|---|---|
| 003 | OSt | ||
| 005 | 20240910110018.0 | ||
| 008 | 210331s9999||||xx |||||||||||||| ||und|| | ||
| 020 | _a9789387866959 | ||
| 040 | _cSTCPL | ||
| 041 | _aMAL | ||
| 041 | _hMAL | ||
| 082 |
_aM301 _bJOS-A |
||
| 100 |
_aVattappalam, Jose _qജോസ് വട്ടപ്പലം |
||
| 245 | 0 |
_aArupatharamathae arana / _cby Jose Vattappalam _hഅറുപത്താറാമത്തെ അരണ |
|
| 260 |
_aKottayam : _bSahithya Pravarthaka Co Operative Society Ltd. , _c2018 . |
||
| 300 |
_a80 p. _bPB |
||
| 650 | _aMalayalam | ||
| 650 | _aLiterature | ||
| 650 | _aStories | ||
| 650 | _aGeneral | ||
| 942 | _cBK | ||
| 942 | _2ddc | ||
| 999 |
_c73392 _d73392 |
||